header

Math for water treatment operators (Record no. 88753)

MARC details
000 -LEADER
fixed length control field 01795nam a2200445 a 4500
082 04 - DEWEY DECIMAL CLASSIFICATION NUMBER
Classification number 628.101/51
100 1# - MAIN ENTRY--AUTHOR NAME
Personal name Giorgi, John.
245 10 - TITLE STATEMENT
Title Math for water treatment operators
250 ## - EDITION STATEMENT
Edition statement 1st ed.
260 ## - PUBLICATION, DISTRIBUTION, ETC. (IMPRINT)
Place of publication Denver, Colo. :
Name of publisher American Water Works Association,
Year of publication c2007.
300 ## - PHYSICAL DESCRIPTION
Number of Pages xx, 365 p.
500 ## - GENERAL NOTE
General note "Science and technology"--Cover.
650 #0 - SUBJECT ADDED ENTRY--TOPICAL TERM
Topical Term Water
Topical Term Water
Topical Term Water treatment plants
Topical Term Sewage
Topical Term Sewage
Topical Term Sewage disposal plants
Topical Term Engineering mathematics
856 40 - ELECTRONIC LOCATION AND ACCESS
Uniform Resource Identifier http://site.ebrary.com/lib/rucke/Doc?id=10558822

No items available.

© 2026 Rongo University
Contact us: librarian | system librarian | Rongo university